| 000 | 00733nam a22002177a 4500 | ||
|---|---|---|---|
| 008 | 150721b xxu||||| |||| 00| 0 eng d | ||
| 020 | _a3540514694 | ||
| 020 | _a0387514694 | ||
| 041 | 0 | _aeng | |
| 080 | _a621.5 | ||
| 100 | 1 | _aVukobratović, Miomir. | |
| 240 | 1 | 0 |
_aUpravljanje Manipulacionim Robotima. _lEnglish |
| 245 | 1 | 0 |
_aApplied control of manipulation robots : _cMiomir Vukobratović, Dragan Stokić. |
| 260 |
_aBerlin ; _aNew York : _bSpringer-Verlag, _cc1989. |
||
| 300 |
_axvi, 470 f. : _bme il.; _c24 cm. |
||
| 500 | _aPreface: f. [V]-XII | ||
| 505 | _aSubject Index: f. 468-469 | ||
| 650 | 0 |
_aRobotika _vSistemi i kontrollit |
|
| 700 |
_aStokić, D. _q(Dragan) |
||
| 942 |
_2udc _cBK |
||
| 999 |
_c1132 _d1132 |
||